Liste des joueurs des équipes #10 HLTV - CS2 - Statistiques

Statistiques générales
  • Ce quiz a été pris 39 fois
  • Le résultat moyen est 38 sur 50
Statistiques - réponses
Hint Réponse % Correct
Vitality Apex
100%
Vitality FlameZ
100%
Vitality Mezii
100%
Viality Ropz
100%
Vitality Zywoo
100%
Falcons NiKo
96%
Furia Molodoy
93%
Spirit Donk
89%
FaZe Karrigan
89%
Furia FalleN
86%
Falcons M0nesy
82%
Falcons TeSes
82%
The Mongolz 910
79%
FaZe Broky
79%
Mouz Jimpphat
79%
Furia KSCERATO
79%
Spirit Magixx
79%
Furia YEKINDAR
79%
Furia Yuurih
79%
NaVi B1t
75%
Mouz Brollan
75%
FaZe Frozen
75%
NaVi iM
75%
Falcons Kyxsan
75%
Spirit Sh1ro
75%
Mouz Spinx
75%
Falcons Kyousuke
71%
Mouz Torzsi
71%
FaZe Twistzz
71%
NaVi W0nderful
71%
Aurora Xantares
71%
Mouz XertioN
71%
NaVi Aleksib
68%
The Mongolz Blitz
68%
G2 HeavyGod
68%
G2 SunPayus
68%
The Mongolz Techno
68%
Spirit TN1R
68%
Spirit Zont1x
68%
G2 HuNter-
64%
FaZe Jcobbb
64%
Aurora Maj3r
64%
NaVi Makazze
61%
G2 Matys
61%
The Mongolz Mzinho
61%
Aurora Wicadia
61%
G2 MalbsMd
57%
Aurora Woxic
57%
Aurora Soulfly
54%
The Mongolz Cobrazera
50%
Aucun quiz correspondant
Distribution des résultats
% des personnes avec chaque résultat
Percentile par nombre de réponses
Votre historique - résultats
Vous n’avez pas pris ce quiz